00540nam a2200205Ia 4500003000900000008004100009040001300050040001300063041000800076100001300084100001000097245004700107250001000154260001200164260000900176300001200185490002600197490001100223600010000234IT-RoPAU120407s9999 xx 000 0 und d aIT-RoPAU cIT-RoPAU afra aHilarius csan't aSur Matthieu. (testo latino - francese) aParis aDu Cerf c1978 c19,5 cm aSources Chrétiennes v254258 a"1° p. 303 (Sources Chrétiennes, 254) 2° p.297 (Sources Chrétiennes, 258)"